<?xml version="1.0" encoding="UTF-8"?>
<collection xmlns="http://www.loc.gov/MARC21/slim">
 <record>
  <leader>01327pam a22002778a 4500</leader>
  <controlfield tag="001">00022710</controlfield>
  <controlfield tag="008">110601s1987                  ||||||Viesd</controlfield>
  <controlfield tag="005">20171026081022.0</controlfield>
  <datafield tag="041" ind1="0" ind2="#">
   <subfield code="a">Vie</subfield>
  </datafield>
  <datafield tag="082" ind1="1" ind2="4">
   <subfield code="a">910.71</subfield>
   <subfield code="b">C460S</subfield>
  </datafield>
  <datafield tag="100" ind1="0" ind2="#">
   <subfield code="a">Lê Bá Thảo</subfield>
  </datafield>
  <datafield tag="245" ind1="0" ind2="0">
   <subfield code="a">Cơ sở địa lí tự nhiên</subfield>
   <subfield code="b">Đã được hội đồng thẩm định sách của Bộ Giáo dục giới thiệu làm sách dùng cho các trưởng Đại học sư phạm</subfield>
   <subfield code="c">Lê Bá Thảo, Nguyễn Dược, Trịnh Nghĩa Uông</subfield>
   <subfield code="n">T.1</subfield>
  </datafield>
  <datafield tag="250" ind1="#" ind2="#">
   <subfield code="a">In lần thứ 2</subfield>
   <subfield code="b">có chỉnh lí bổ sung năm 1987</subfield>
  </datafield>
  <datafield tag="260" ind1="#" ind2="#">
   <subfield code="a">H.</subfield>
   <subfield code="b">Giáo dục</subfield>
   <subfield code="c">1987</subfield>
  </datafield>
  <datafield tag="300" ind1="#" ind2="#">
   <subfield code="a">204 tr.</subfield>
   <subfield code="c">27 cm.</subfield>
  </datafield>
  <datafield tag="490" ind1="0" ind2="#">
   <subfield code="a">Sách đại học sư phạm</subfield>
  </datafield>
  <datafield tag="650" ind1="#" ind2="4">
   <subfield code="a">Địa lý tự nhiên giáo trình</subfield>
  </datafield>
  <datafield tag="653" ind1="#" ind2="#">
   <subfield code="a">Giáo trình</subfield>
  </datafield>
  <datafield tag="700" ind1="0" ind2="#">
   <subfield code="a">Nguyễn Dược</subfield>
   <subfield code="e">tác giả</subfield>
  </datafield>
  <datafield tag="700" ind1="0" ind2="#">
   <subfield code="e">tác giả</subfield>
   <subfield code="a">Trịnh Nghĩa Uông</subfield>
  </datafield>
  <datafield tag="852" ind1="#" ind2="#">
   <subfield code="b">Kho giáo trình</subfield>
   <subfield code="j">KGT.0024447, KGT.0024448, KGT.0024449, KGT.0025802, KGT.0033089, KGT.0033784</subfield>
  </datafield>
  <datafield tag="852" ind1="#" ind2="#">
   <subfield code="b">Kho mượn</subfield>
   <subfield code="j">KGT.0033089</subfield>
  </datafield>
  <datafield tag="852" ind1="#" ind2="#">
   <subfield code="b">Kho đọc</subfield>
   <subfield code="j">KD.0009985</subfield>
  </datafield>
  <datafield tag="852" ind1="#" ind2="#">
   <subfield code="j">KGT.0024448</subfield>
   <subfield code="j">KGT.0024449</subfield>
   <subfield code="j">KGT.0033089</subfield>
   <subfield code="j">KGT.0033784</subfield>
   <subfield code="j">KD.0009985</subfield>
   <subfield code="j">KGT.0025802</subfield>
  </datafield>
  <datafield tag="910" ind1="#" ind2="#">
   <subfield code="a">nhnam</subfield>
   <subfield code="d">01/06/2011</subfield>
  </datafield>
  <datafield tag="980" ind1="#" ind2="#">
   <subfield code="a">Trung tâm Học liệu Lê Vũ Hùng, Trường Đại học Đồng Tháp</subfield>
  </datafield>
 </record>
</collection>
